Kirli Kramponlar (Record no. 10360)

MARC details
000 -BAŞLIK
Sabit Uzunlukta Kontrol Alanı 00873na a2200301 4500
001 - KONTROL NUMARASI
Denetim Alanı 23696
003 - KONTROL NUMARASI IDENTIFIER
Denetim Alanı MIRAKIL
005 - SON İŞLEM TARİHİ VE ZAMANI
Denetim Alanı 20181213155318.0
008 - SABİT-BOY VERİ ELEMANLARI - GENEL BİLGİLER
Sabit Uzunlukta Kontrol Alanı 180103b tu 000 0
020 ## - ULUSLARARASI STANDART KİTAP NUMARASI
Uluslararası Standart Kitap Numarası 9789756448076
040 ## - KATALOGLAMA KAYNAK
Orijinal Kataloglama Ajansı Milas
Kataloglama Dili tur
Metne Dönüştürmek Ajansı TR-AnCHP
041 ## - DİL KODU
Metin / Ses Parça Veya Ayrı Başlığın Dil Kodu tur
082 ## - DEWEY ONLU SINIFLANDIRMA NUMARASI
Sınıflandırma Numarası 364.14
Ürün Numarası K44k 2003
090 ## - SINIFLAMA NUMARASI
Sınıflama Numarası 364.14 K44k 2003
100 ## - ANA GİRİŞ - KİŞİSEL İSİM
Kişisel Ad Kılıç, Ecevit
245 ## - BAŞLIK TABLOSU
Başlık Kirli Kramponlar
Başlığın Kalan Futbol-mafya
-- Para-siyaset
Sorumluluk Tablosu, Vb Ecevit Kılıç
246 ## - UNVAN FORM VARYING
Başlık Doğru / Kısa Başlığı Para-siyaset
246 ## - UNVAN FORM VARYING
Başlık Doğru / Kısa Başlığı Futbol-mafya
250 ## - EDITION TABLOSU
Baskı Beyanı 2. bs.
260 ## - YAYIN, DAĞITIM, VB
Yayın, Dağıtım, Vb Yeri İstanbul
Yayıncı, Dağıtıcı, Vs Adı Toplumsal Dönüşüm Yayınları
Yayın, Dağıtım, Vb Tarihi 2003
Üretici Firma Emre Matbaacılık
300 ## - FİZİKSEL TANIM
Kapsam 272 s.
Diğer Fiziksel Ayrıntıları fotğ.
Boyutlar 19 sm.
440 ## - SERİSİ TABLOSU / KATMA GİRİŞİ - BAŞLIK
Başlık Toplumsal Dönüşüm Yayınları
Hacim / Ardışık Tanımı 212
490 ## - SERİSİ TABLOSU
Seri Beyanı Araştırma ve İnceleme
Hacim / Ardışık Tanımı 62
650 ## - KONU KATMA GİRİŞ - TOPİKAL DÖNEM
Topikal Süreli Veya Coğrafi Ad Giriş Elemanı Futbol
Genel Alt Bölümü Para ve siyaset
740 ## - KATMA GİRİŞ - KONTROLSUZ İLGİLİ / ANALİTİK BAŞLIK
Kontrol Edilmeyen / İlgili Analitik Başlıktaki Para-siyaset
740 ## - KATMA GİRİŞ - KONTROLSUZ İLGİLİ / ANALİTİK BAŞLIK
Kontrol Edilmeyen / İlgili Analitik Başlıktaki Futbol-mafya
942 ## - EKLENDİ GİRİŞ ELEMANLARI (KOHA)
Sınıflandırma Veya Raf Düzeni Kaynak Dewey Decimal Classification
Koha Öğesi Türü Books
999 ## - SİSTEM KONTROL NUMARALARI (KOHA)
Koha Biblionumber 10360
Koha Biblioitemnumber 10360
Holdings
Kalıcı Konum Mevcut Konum Edinme Tarihi Edinim Kaynak Toplam Check-Out'Lar Tam Çağrı Numarası Barkod Tarih Son Görülme İtibaren Geçerli Fiyatlar Koha Öğesi Türü Sigara Kamu Notu
CHP Kütüphanesi CHP Kütüphanesi 12/06/2017 Bağış   364.14 K44k 2003 017690 12/06/2017 12/06/2017 Books  
Parti Okulu Kütüphanesi Parti Okulu Kütüphanesi 08/13/2021     364.14 K44k 2003 P00841 08/13/2021 08/13/2021 Books Emin Değer Bağışıdır.